All the FALLOUT games quiz - Statistics

General Stats
  • This quiz has been taken 60 times
  • The average score is 8 of 10
Answer Stats
Date Game % Correct
1998 Fallout 2
100%
2008 Fallout 3
100%
2015 Fallout 4
100%
1997 Fallout 1
98%
2010 Fallout New Vegas
98%
2018 Fallout 76
94%
2001 Fallout Tactics
81%
2015 Fallout Shelter
77%
2004 Fallout Brotherhood of Steel
75%
2017 Fallout 4 VR
15%
No matching quizzes found
Score Distribution
Percent of People with Each Score
Percentile by Number Answered
Your Score History
You have not taken this quiz